<?xml version="1.0" encoding="UTF-8"?>
<record
    xmlns:xsi="http://www.w3.org/2001/XMLSchema-instance"
    xsi:schemaLocation="http://www.loc.gov/MARC21/slim http://www.loc.gov/standards/marcxml/schema/MARC21slim.xsd"
    xmlns="http://www.loc.gov/MARC21/slim">

  <leader>00708nam a2200205 a 4500</leader>
  <controlfield tag="001">598</controlfield>
  <controlfield tag="003">CDMR</controlfield>
  <controlfield tag="005">20151016134202.0</controlfield>
  <controlfield tag="008">130130s1997||||||||||||||||||||||||||||d</controlfield>
  <datafield tag="040" ind1=" " ind2=" ">
    <subfield code="a">CDMR</subfield>
    <subfield code="b">cat</subfield>
    <subfield code="c">CPC LLEIDA</subfield>
  </datafield>
  <datafield tag="110" ind1="2" ind2=" ">
    <subfield code="9">446</subfield>
    <subfield code="a">Televisi&#xF3; de Catalunya</subfield>
  </datafield>
  <datafield tag="245" ind1="1" ind2="0">
    <subfield code="a">Criteris ling&#xFC;&#xED;stics sobre la traducci&#xF3; i el doblatge</subfield>
    <subfield code="c">a cura de la Comissi&#xF3; de Normalitzaci&#xF3; Ling&#xFC;&#xED;stica de TVC ; presentaci&#xF3; de Francesc Vallverd&#xFA;</subfield>
  </datafield>
  <datafield tag="260" ind1=" " ind2=" ">
    <subfield code="a">Barcelona</subfield>
    <subfield code="c">1997</subfield>
    <subfield code="b">Edicions 62</subfield>
  </datafield>
  <datafield tag="300" ind1=" " ind2=" ">
    <subfield code="a">229 p.</subfield>
  </datafield>
  <datafield tag="490" ind1="0" ind2=" ">
    <subfield code="a">Pr&#xE0;ctiques ling&#xFC;&#xED;stiques</subfield>
    <subfield code="v">2</subfield>
  </datafield>
  <datafield tag="650" ind1="0" ind2="4">
    <subfield code="9">3328</subfield>
    <subfield code="a">Catal&#xE0;</subfield>
    <subfield code="v">&#xDA;s</subfield>
  </datafield>
  <datafield tag="610" ind1="4" ind2=" ">
    <subfield code="9">446</subfield>
    <subfield code="a">Televisi&#xF3; de Catalunya</subfield>
    <subfield code="v">Manuals d'estil</subfield>
  </datafield>
  <datafield tag="700" ind1="1" ind2=" ">
    <subfield code="9">3389</subfield>
    <subfield code="a">Vallverd&#xFA;, Francesc</subfield>
    <subfield code="e">pr.</subfield>
  </datafield>
  <datafield tag="942" ind1=" " ind2=" ">
    <subfield code="c">MON</subfield>
    <subfield code="2">udc</subfield>
  </datafield>
  <datafield tag="999" ind1=" " ind2=" ">
    <subfield code="c">598</subfield>
    <subfield code="d">598</subfield>
  </datafield>
  <datafield tag="952" ind1=" " ind2=" ">
    <subfield code="0">0</subfield>
    <subfield code="1">0</subfield>
    <subfield code="4">0</subfield>
    <subfield code="7">0</subfield>
    <subfield code="a">LLEIDA</subfield>
    <subfield code="b">LLEIDA</subfield>
    <subfield code="d">2011-07-26</subfield>
    <subfield code="l">0</subfield>
    <subfield code="o">90TV</subfield>
    <subfield code="p">LLEIDA13107623</subfield>
    <subfield code="r">2013-01-16</subfield>
    <subfield code="w">2013-01-16</subfield>
    <subfield code="y">MON</subfield>
  </datafield>
  <datafield tag="952" ind1=" " ind2=" ">
    <subfield code="0">0</subfield>
    <subfield code="1">0</subfield>
    <subfield code="4">0</subfield>
    <subfield code="7">0</subfield>
    <subfield code="a">CDMR</subfield>
    <subfield code="b">CDMR</subfield>
    <subfield code="d">2013-01-16</subfield>
    <subfield code="l">0</subfield>
    <subfield code="o">Fe 6/5</subfield>
    <subfield code="p">CDMR13056366I</subfield>
    <subfield code="r">2013-01-16</subfield>
    <subfield code="w">2013-01-16</subfield>
    <subfield code="y">MON</subfield>
  </datafield>
</record>
